| 000 | 00415nam a22001577a 4500 | ||
|---|---|---|---|
| 003 | OSt | ||
| 008 | 260214b |||||||| |||| 00| 0 eng d | ||
| 020 | _a9788198680259 | ||
| 082 | _a006.31 PRE | ||
| 100 | _aPRADHAN,Manaswini | ||
| 245 | _aFundamentals of Artificial Intelligence and Machine Learning | ||
| 250 | _a1st Ed | ||
| 260 |
_aNew Delhi _bDPS Publishing House _c2026 |
||
| 300 | _a360p | ||
| 942 |
_2ddc _cREF |
||
| 999 |
_c13816 _d13816 |
||